FIRGIVE ME (Record no. 1085708)

MARC details
000 -LEADER
fixed length control field 00439nam a2200181Ia 4500
008 - FIXED-LENGTH DATA ELEMENTS--GENERAL INFORMATION
fixed length control field 151119s9999||||xx |||||||||||||| ||und||
082 ## - DEWEY DECIMAL CLASSIFICATION NUMBER
Item number GKKV33412
100 ## - MAIN ENTRY--PERSONAL NAME
Personal name SWAMI CHINMAYANANDA
245 ## - TITLE STATEMENT
Title FIRGIVE ME
260 ## - PUBLICATION, DISTRIBUTION, ETC. (IMPRINT)
Place of publication, distribution, etc Mumbai
260 ## - PUBLICATION, DISTRIBUTION, ETC. (IMPRINT)
Name of publisher, distributor, etc Central Chinmaya Mission Trust
260 ## - PUBLICATION, DISTRIBUTION, ETC. (IMPRINT)
Date of publication, distribution, etc 1982
600 ## - SUBJECT ADDED ENTRY--PERSONAL NAME
Personal name SWAMI CHINMAYANANDA
630 ## - SUBJECT ADDED ENTRY--UNIFORM TITLE
Uniform title FIRGIVE ME
700 ## - ADDED ENTRY--PERSONAL NAME
Personal name SWAMI CHINMAYANANDA
730 ## - ADDED ENTRY--UNIFORM TITLE
Uniform title FIRGIVE ME
942 ## - ADDED ENTRY ELEMENTS (KOHA)
Koha item type Book
Holdings
Withdrawn status Lost status Damaged status Not for loan Home library Current library Date acquired Cost, normal purchase price Total Checkouts Full call number Barcode Date last seen Cost, replacement price Price effective from Koha item type
        G.K. Khandekar Vachanalaya, Mulund G.K. Khandekar Vachanalaya, Mulund 04/29/2014 0.00   GKKV33412 GKKV33412 11/19/2015 0.00 11/19/2015 Book